प्रार्थनाविचार (Record no. 1263488)

MARC details
000 -LEADER
fixed length control field 00623nam a2200193Ia 4500
008 - FIXED-LENGTH DATA ELEMENTS--GENERAL INFORMATION
fixed length control field 151121s9999||||xx |||||||||||||| ||und||
082 ## - DEWEY DECIMAL CLASSIFICATION NUMBER
Classification number 153।6/कवी
082 ## - DEWEY DECIMAL CLASSIFICATION NUMBER
Item number HNW-114522
100 ## - MAIN ENTRY--PERSONAL NAME
Personal name कवी माधवी
245 ## - TITLE STATEMENT
Title प्रार्थनाविचार
260 ## - PUBLICATION, DISTRIBUTION, ETC. (IMPRINT)
Name of publisher, distributor, etc "ग्रंथाली प्रकाशन, मुंबई।"
260 ## - PUBLICATION, DISTRIBUTION, ETC. (IMPRINT)
Date of publication, distribution, etc 2007
300 ## - PHYSICAL DESCRIPTION
Extent 75
600 ## - SUBJECT ADDED ENTRY--PERSONAL NAME
Personal name कवी माधवी
630 ## - SUBJECT ADDED ENTRY--UNIFORM TITLE
Uniform title प्रार्थनाविचार
700 ## - ADDED ENTRY--PERSONAL NAME
Personal name कवी माधवी
730 ## - ADDED ENTRY--UNIFORM TITLE
Uniform title प्रार्थनाविचार
942 ## - ADDED ENTRY ELEMENTS (KOHA)
Koha item type Book
Holdings
Withdrawn status Lost status Damaged status Not for loan Home library Current library Date acquired Cost, normal purchase price Total Checkouts Full call number Barcode Date last seen Cost, replacement price Price effective from Koha item type
        Hirachand Nemchand Wachanalaya, Solapur Hirachand Nemchand Wachanalaya, Solapur 03/25/2014 50.00   HNW-114522 HNW-114522 11/21/2015 50.00 11/21/2015 Book